The European Defense Industry: Institutional Changes and Coopetition Strategies of Firms (notice n° 1868568)

détails MARC
000 -LEADER
fixed length control field 01389cam a2200217 4500500
005 - DATE AND TIME OF LATEST TRANSACTION
control field 20260329012154.0
041 ## - LANGUAGE CODE
Language code of text/sound track or separate title fre
042 ## - AUTHENTICATION CODE
Authentication code dc
100 10 - MAIN ENTRY--PERSONAL NAME
Personal name Dupuy, Romuald
Relator term author
245 00 - TITLE STATEMENT
Title The European Defense Industry: Institutional Changes and Coopetition Strategies of Firms
260 ## - PUBLICATION, DISTRIBUTION, ETC.
Date of publication, distribution, etc. 2013.<br/>
500 ## - GENERAL NOTE
General note 5
520 ## - SUMMARY, ETC.
Summary, etc. During the 1990s, the US defense industry has been significantly restructured through the concentration of firms. The US government has organized the defense market in order to develop coopetition strategies between companies. In Europe, the phenomenon of restructuring has been initiated and is ongoing. In this paper, we show that while coopetition is also observed between European firms, it does require institutional changes. Increasingly, States transfer technical and technological skills to firms and open their national procurement markets. These changes are made by the States, but are also induced by changes at the European level.JEL Codes: F23, L20, L64, O32
690 ## - LOCAL SUBJECT ADDED ENTRY--TOPICAL TERM (OCLC, RLIN)
Topical term or geographic name as entry element co-opetition
690 ## - LOCAL SUBJECT ADDED ENTRY--TOPICAL TERM (OCLC, RLIN)
Topical term or geographic name as entry element defense industrial and technological base
690 ## - LOCAL SUBJECT ADDED ENTRY--TOPICAL TERM (OCLC, RLIN)
Topical term or geographic name as entry element European defense industry
690 ## - LOCAL SUBJECT ADDED ENTRY--TOPICAL TERM (OCLC, RLIN)
Topical term or geographic name as entry element firms’ strategies
690 ## - LOCAL SUBJECT ADDED ENTRY--TOPICAL TERM (OCLC, RLIN)
Topical term or geographic name as entry element institutional change
786 0# - DATA SOURCE ENTRY
Note Innovations | o 42 | 3 | 2013-08-02 | p. 85-107 | 1267-4982
856 41 - ELECTRONIC LOCATION AND ACCESS
Uniform Resource Identifier <a href="https://shs.cairn.info/journal-innovations-2013-3-page-85?lang=en&redirect-ssocas=7080">https://shs.cairn.info/journal-innovations-2013-3-page-85?lang=en&redirect-ssocas=7080</a>

Pas d'exemplaire disponible.

PLUDOC

PLUDOC est la plateforme unique et centralisée de gestion des bibliothèques physiques et numériques de Guinée administré par le CEDUST. Elle est la plus grande base de données de ressources documentaires pour les Étudiants, Enseignants chercheurs et Chercheurs de Guinée.

Adresse

627 919 101/664 919 101

25 boulevard du commerce
Kaloum, Conakry, Guinée

Réseaux sociaux

Powered by Netsen Group @ 2025